1721 1750 1609 1521 1144 1744 1071 1493 1214 1044 1172 1968 1494 1102 1118 1278 1912 1167 1880 1558 1408 1714 1678 1598 1573 1068 1785 1858 1971 1988 1919 1928 1293 1350 1782 1196 1210 1669 1118 1780 1909 1436 1884 1972 1253 1944 1224 1001 1966 1690 1261 1938 1798 1359 1874 1606 1988 1477 1335 1727 1408 1761 1541 1150 1114 1254 1727 1847 1800 1439 1346 1456 1087 1205 1381 1011 1601 1422 1534 1649 1412 1023 1094 1663 1077 1568 1147 1757 1957 1658 1893 1127 1442 1636 1121 1625 1187 1673 1519 BCNSPRNW ULIB Ver.6.0+V

เปลี่ยนเป็นภาษาไทย

Change to English
 แสดงรายละเอียดบรรณานุกรม
  กลับหน้าหลัก

Brief Record : Get Marc (ISO 2709) : E-mail record : QR code < ปิดหน้าต่าง
LEADER : 00000nam 2200000uu 4500
001    13399129203
003     ULIB
008    260511s2568||||th 000 0 tha d
020    ^a9786166035629
060  0 ^aWY160^bว448ส
100 0  ^aวัลลภา อันดารา.
245 1  ^aสัมพันธภาพและการสื่อสารระหว่างพยาบาลกับผู้ป่วยจิตเวช /^cวัลลภา อันดารา.
246 3  ^aความท้าทายสำหรับพยาบาลจิตเวช
250    ^aพิมพ์ครั้งที่ 2.
260    ^aกรุงเทพฯ :^bซี.ที.เค. พริ้นท์ติ้ง,^c2568
300    ^a206 หน้า :^bภาพประกอบ.
505 0  ^aบทที่ 1 สัมพันธภาพเพื่อการบำบัด -- บทที่ 2 ระยะของสัมพันธภาพเพื่อการบำบัด -- บทที่ 3 ปัญหาการสร้างสัมพันธภาพเพื่อการบำบัดและการแก้ไข -- บทที่ 4 ลักษณะผู้ป่วยที่เหมาะสมในการสร้างสัมพันธภาพเพื่อการบำบัด -- บทที่ 5 การติดต่อสื่อสารและปัจจัยที่มีผลต่อการสื่อสารเพื่อการบำบัด -- บทที่ 6 การสื่อสารเพื่อการบำบัด -- บทที่ 7 การสื่อสารที่ไม่ใช่การบำบัดและการสื่อสารที่เป็นอุปสรรคต่อการสร้างสัมพันธภาพเพื่อการบำบัด -- บทที่ 8 การบันทึกปฏิสัมพันธ์ -- บทที่ 9 การสื่อสารกับผู้ป่วยจิตเวชและครอบครัว.
505 0  ^aสารบัญ : บทที่ 1 สัมพันธภาพเพื่อการบำบัด -- บทที่ 2 ระยะของสัมพันธภาพเพื่อการบำบัด -- บทที่ 3 ปัญหาการสร้างสัมพันธภาพเพื่อการบำบัดและการแก้ไข -- บทที่ 4 ลักษณะผู้ป่วยที่เหมาะสมในการสร้างสัมพันธภาพเพื่อการบำบัด -- บทที่ 5 การติดต่อสื่อสารและปัจจัยที่มีผลต่อการสื่อสารเพื่อการบำบัด -- บทที่ 6 การสื่อสารเพื่อการบำบัด -- บทที่ 7 การสื่อสารที่ไม่ใช่การบำบัดและการสื่อสารที่เป็นอุปสรรคต่อการสร้างสัมพันธภาพเพื่อการบำบัด -- บทที่ 8 การบันทึกปฏิสัมพันธ์ -- บทที่ 9 การสื่อสารกับผู้ป่วยจิตเวชและครอบครัว
505 2  ^aสัมพันธภาพเพื่อการบำบัด -- ระยะของสัมพันธภาพเพื่อการบำบัด -- ปัญหาการสร้างสัมพันธภาพเพื่อการบำบัดและการแก้ไข -- ลักษณะผู้ป่วยที่เหมาะสมในการสร้างสัมพันธภาพเพื่อการบำบัด -- การติดต่อสื่อสารและปัจจัยที่มีผลต่อการสื่อสารเพื่อการบำบัด -- การสื่อสารเพื่อการบำบัด -- การสื่อสารที่ไม่ใช่การบำบัดและการสื่อสารที่เป็นอุปสรรคต่อการสร้างสัมพันธภาพเพื่อการบำบัด -- การบันทึกปฏิสัมพันธ์ -- การสื่อสารกับผู้ป่วยจิตเวชและครอบครัว.
610    ^aการพยาบาลสุขภาพจิตและจิตเวช.
650  4 ^aการบำบัด
650  4 ^aการพยาบาล^xจิตวิทยา.
650  4 ^aการพยาบาลจิตเวชศาสตร์.
650  4 ^aการสื่อสารทางการพยาบาล.
650  4 ^aการสื่อสารในจิตเวช
650  4 ^aการสื่อสารในจิตเวชศาสตร์.
650  4 ^aการสื่อสารระหว่างบุคคล^xแง่จิตวิทยา.
650  4 ^aเขตพัฒนาพิเศษภาคตะวันออก (อีอีซี).
650  4 ^aบันทึกการพยาบาล.
650  4 ^aผู้ป่วยจิตเวช.
650  4 ^aผู้ป่วยจิตเวช^xการดูแล.
650  4 ^aพยาบาลกับผู้ป่วย
650  4 ^aสัมพันธภาพ.
650  4 ^aสัมพันธภาพระหว่างพยาบาลกับผู้ป่วย.
650  4 ^aสุขภาพจิต^xการพยาบาล
650  4 ^aอุตสาหกรรมการแพทย์ครบวงจร.
650  7 ^aจิตบำบัด
655  4 ^aHealth Sciences Branch.
695    ^aHealth Sciences.
710 2  ^aวิทยาลัยพยาบาลทหารอากาศ.
999    ^aประนอม เกษจรัล
รายการนี้ยังไม่มีแท็ก
คุณยังไม่ได้ล็อกอิน คุณสามารถมีกิจกรรมร่วมกับเว็บไซต์ได้ แต่ต้องล็อกอินก่อน ::
  ล็อกอิน

รายการสื่อสารสนเทศ

ลำดับที่ ประเภท เลขเรียก/บาร์โค้ด สถานที่ สถานะ
1. Book การพยาบาล
หนังสือสำรอง
สถานะ=หนังสือสำรอง
WY160 ว448ส ฉ.1 
  Barcode: 012148
ห้องสมุดวิทยาเขตสวรรค์ประชารักษ์
►หนังสือทั่วไป
บนชั้น
2. Book การพยาบาล
Book การพยาบาล
WY160 ว448ส ฉ.2 
  Barcode: 012149
ห้องสมุดวิทยาเขตสวรรค์ประชารักษ์
►หนังสือทั่วไป
บนชั้น
3. Book การพยาบาล
Book การพยาบาล
WY160 ว448ส ฉ.3 
  Barcode: 012150
ห้องสมุดวิทยาเขตสวรรค์ประชารักษ์
►หนังสือทั่วไป
บนชั้น
4. Book การพยาบาล
Book การพยาบาล
WY160 ว448ส ฉ.4 
  Barcode: 012151
ห้องสมุดวิทยาเขตสวรรค์ประชารักษ์
►หนังสือทั่วไป
บนชั้น
5. Book การพยาบาล
Book การพยาบาล
WY160 ว448ส ฉ.5 
  Barcode: 012152
ห้องสมุดวิทยาเขตสวรรค์ประชารักษ์
►หนังสือทั่วไป
บนชั้น

รายการใกล้เคียง
    หัวเรื่อง [การบำบัด]
    หัวเรื่อง [การพยาบาลจิตเวชศาสตร์.]
    หัวเรื่อง [เขตพัฒนาพิเศษภาคตะวันออก (อีอีซี).]
    หัวเรื่อง [ผู้ป่วยจิตเวช การดูแล.]
    หัวเรื่อง [พยาบาลกับผู้ป่วย]
    หัวเรื่อง [อุตสาหกรรมการแพทย์ครบวงจร.]
    หัวเรื่อง [จิตบำบัด]

BibComment


ยังไม่เคยถูกคอมเมนท์

คอมเมนท์ทรัพยากรรายการนี้
  คอมเมนท์: สัมพันธภาพและการ..


 Copyright 2026. Bcnsprnw @Library